[Event "U12-U20 French Championships"]
[Site "chess24.com"]
[Date "2019.04.15"]
[Round "3"]
[White "Bellahcene, Meriem"]
[Black "Conti, Anne-Marie"]
[Result "1-0"]
[Board "18"]
[WhiteElo "1883"]
[WhiteCountry "FRA"]
[WhiteFideId "20655347"]
[WhiteEloChange "8"]
[BlackElo "1809"]
[BlackCountry "FRA"]
[BlackFideId "26040743"]
[BlackEloChange "-8"]

1. e4 {[%clk 1:24:52]} c6 {[%clk 1:30:49]} 2. d4 {[%clk 1:25:18]} d5 {[%clk
1:31:12]} 3. exd5 {[%clk 1:25:46]} cxd5 {[%clk 1:31:37]} 4. Bd3 {[%clk 1:26:13]}
g6 {[%clk 1:31:57]} 5. Bf4 {[%clk 1:26:15]} Bg7 {[%clk 1:32:11]} 6. c3 {[%clk
1:26:42]} Nc6 {[%clk 1:29:00]} 7. h3 {[%clk 1:24:09]} f6 {[%clk 1:22:39]} 8. Nf3
{[%clk 1:14:14]} Nh6 {[%clk 1:21:21]} 9. O-O {[%clk 1:10:46]} Nf7 {[%clk
1:21:24]} 10. Re1 {[%clk 1:07:19]} O-O {[%clk 1:20:09]} 11. Bg3 {[%clk 1:07:45]}
Re8 {[%clk 1:18:45]} 12. Nbd2 {[%clk 0:55:34]} e5 {[%clk 1:14:53]} 13. dxe5
{[%clk 0:55:50]} Ncxe5 {[%clk 1:04:24]} 14. Bb5 {[%clk 0:52:41]} Re7 {[%clk
0:57:24]} 15. Nd4 {[%clk 0:50:50]} a6 {[%clk 0:54:26]} 16. Bf1 {[%clk 0:45:05]}
Nd6 {[%clk 0:43:45]} 17. N2f3 {[%clk 0:36:05]} Nf5 {[%clk 0:37:55]} 18. Nxf5
{[%clk 0:31:38]} Bxf5 {[%clk 0:33:45]} 19. Nxe5 {[%clk 0:31:11]} fxe5 {[%clk
0:33:41]} 20. Bh4 {[%clk 0:31:28]} Be6 {[%clk 0:27:16]} 21. Bxe7 {[%clk 0:31:35]}
Qxe7 {[%clk 0:27:26]} 22. Be2 {[%clk 0:25:26]} Rd8 {[%clk 0:24:31]} 23. Bg4
{[%clk 0:24:22]} Bf7 {[%clk 0:23:50]} 24. Qd2 {[%clk 0:23:23]} Qf6 {[%clk
0:19:44]} 25. Bd1 {[%clk 0:19:31]} Bf8 {[%clk 0:19:16]} 26. Qe2 {[%clk 0:14:46]}
Bd6 {[%clk 0:18:53]} 27. Qf3 {[%clk 0:13:24]} Qe7 {[%clk 0:18:50]} 28. Bb3 {[%clk
0:11:08]} e4 {[%clk 0:17:37]} 29. Qe3 {[%clk 0:11:13]} Qe5 {[%clk 0:16:26]} 30.
g3 {[%clk 0:11:04]} Qf5 {[%clk 0:15:22]} 31. Kg2 {[%clk 0:08:55]} Be6 {[%clk
0:15:13]} 32. Rh1 {[%clk 0:09:07]} Rf8 {[%clk 0:13:51]} 33. Rad1 {[%clk 0:08:37]}
Kg7 {[%clk 0:09:24]} 34. Bc2 {[%clk 0:04:17]} Bb8 {[%clk 0:08:14]} 35. c4 {[%clk
0:04:14]} Rf7 {[%clk 0:06:46]} 36. g4 {[%clk 0:03:16]} Qf3+ {[%clk 0:04:03]} 37.
Kg1 {[%clk 0:03:44]} dxc4 {[%clk 0:03:28]} 38. Qd4+ {[%clk 0:04:03]} Qf6 {[%clk
0:01:39]} 39. Qxf6+ {[%clk 0:04:29]} Rxf6 {[%clk 0:02:08]} 40. Bxe4 {[%clk
0:04:52]} Ba7 {[%clk 0:02:13]} 41. Rd2 {[%clk 0:05:09]} b5 {[%clk 0:02:32]} 42.
Kg2 {[%clk 0:05:23]} Bc5 {[%clk 0:02:23]} 43. Bf3 {[%clk 0:04:38]} Bc8 {[%clk
0:01:59]} 44. Rhd1 {[%clk 0:04:28]} Be7 {[%clk 0:01:28]} 45. Re2 {[%clk 0:03:47]}
Kf8 {[%clk 0:01:41]} 46. Rde1 {[%clk 0:03:02]} Rf7 {[%clk 0:01:16]} 47. Bd5
{[%clk 0:02:43]} Rg7 {[%clk 0:01:45]} 48. f4 {[%clk 0:02:10]} Bd7 {[%clk
0:01:51]} 49. Bb7 {[%clk 0:01:17]} a5 {[%clk 0:02:11]} 50. Rd1 {[%clk 0:01:12]}
Ke8 {[%clk 0:01:16]} 51. Kf3 {[%clk 0:01:21]} b4 {[%clk 0:00:40]} 52. Rd4 {[%clk
0:00:49]} Bb5 {[%clk 0:00:31]} 53. Re5 {[%clk 0:00:56]} Ba4 {[%clk 0:00:37]} 54.
Rxa5 {[%clk 0:01:15]} Bc2 {[%clk 0:00:38]} 55. Ra8+ {[%clk 0:01:02]} Kf7 {[%clk
0:00:54]} 56. Bd5+ {[%clk 0:01:29]} Kf6 {[%clk 0:01:05]} 57. Rxc4 {[%clk
0:01:39]} Bd1+ {[%clk 0:01:24]} 58. Ke4 {[%clk 0:01:13]} 1-0

[Event "U12-U20 French Championships"]
[Site "chess24.com"]
[Date "2019.04.15"]
[Round "3"]
[White "Mas, Victor"]
[Black "Harutyunyan, Ruben"]
[Result "0-1"]
[Board "20"]
[WhiteElo "2032"]
[WhiteCountry "FRA"]
[WhiteFideId "36067113"]
[WhiteEloChange "-3"]
[BlackTitle "FM"]
[BlackElo "2310"]
[BlackCountry "FRA"]
[BlackFideId "26042410"]
[BlackEloChange "3"]

1. d4 {[%clk 1:30:51]} Nf6 {[%clk 1:30:58]} 2. Nf3 {[%clk 1:30:54]} d5 {[%clk
1:31:23]} 3. g3 {[%clk 1:31:16]} c5 {[%clk 1:31:51]} 4. Bg2 {[%clk 1:30:10]} cxd4
{[%clk 1:32:16]} 5. Nxd4 {[%clk 1:30:11]} e5 {[%clk 1:32:43]} 6. Nb3 {[%clk
1:30:33]} Be7 {[%clk 1:32:45]} 7. Bg5 {[%clk 1:28:34]} Ng8 {[%clk 1:25:02]} 8.
Bxe7 {[%clk 1:26:44]} Nxe7 {[%clk 1:25:28]} 9. O-O {[%clk 1:26:38]} O-O {[%clk
1:25:46]} 10. Qd2 {[%clk 1:13:27]} Nbc6 {[%clk 1:20:50]} 11. Rd1 {[%clk 1:10:44]}
Be6 {[%clk 1:21:01]} 12. Qe1 {[%clk 1:00:47]} Qb6 {[%clk 1:19:53]} 13. Nc3 {[%clk
0:54:37]} Rad8 {[%clk 1:19:35]} 14. Na4 {[%clk 0:51:34]} Qc7 {[%clk 1:18:54]} 15.
Nac5 {[%clk 0:49:49]} Bc8 {[%clk 1:18:53]} 16. Rac1 {[%clk 0:45:24]} b6 {[%clk
1:17:30]} 17. Nd3 {[%clk 0:45:46]} Be6 {[%clk 1:15:57]} 18. c3 {[%clk 0:38:58]}
a5 {[%clk 1:07:29]} 19. Nd2 {[%clk 0:34:02]} f5 {[%clk 0:56:54]} 20. Nf1 {[%clk
0:26:24]} f4 {[%clk 0:51:50]} 21. Qd2 {[%clk 0:22:35]} Ng6 {[%clk 0:47:59]} 22.
Ne1 {[%clk 0:18:39]} e4 {[%clk 0:46:40]} 23. Nc2 {[%clk 0:18:09]} Qf7 {[%clk
0:38:26]} 24. Nd4 {[%clk 0:15:58]} Nce5 {[%clk 0:34:46]} 25. Qe1 {[%clk 0:13:21]}
Bc8 {[%clk 0:30:30]} 26. f3 {[%clk 0:12:00]} exf3 {[%clk 0:28:09]} 27. Nxf3
{[%clk 0:12:10]} Ng4 {[%clk 0:14:19]} 28. h3 {[%clk 0:12:21]} Nf6 {[%clk
0:14:25]} 29. Qf2 {[%clk 0:08:42]} Ne4 {[%clk 0:12:54]} 30. Qxb6 {[%clk 0:08:55]}
fxg3 {[%clk 0:13:19]} 31. Qb5 {[%clk 0:07:45]} Nf4 {[%clk 0:12:30]} 32. Ne3
{[%clk 0:06:06]} Nd6 {[%clk 0:10:57]} 33. Qb3 {[%clk 0:05:46]} Nxe2+ {[%clk
0:09:05]} 34. Kf1 {[%clk 0:06:15]} Nxc1 {[%clk 0:08:54]} 35. Rxc1 {[%clk
0:06:45]} Bxh3 {[%clk 0:08:41]} 0-1

[Event "U12-U20 French Championships"]
[Site "chess24.com"]
[Date "2019.04.15"]
[Round "3"]
[White "Raclot, Leo"]
[Black "Zachary, Matheo"]
[Result "0-1"]
[Board "21"]
[WhiteElo "1961"]
[WhiteCountry "FRA"]
[WhiteFideId "36013625"]
[WhiteEloChange "-3"]
[BlackTitle "FM"]
[BlackElo "2281"]
[BlackCountry "FRA"]
[BlackFideId "26024691"]
[BlackEloChange "3"]

1. e4 {[%clk 1:30:54]} c5 {[%clk 1:30:53]} 2. Nc3 {[%clk 1:31:16]} Nc6 {[%clk
1:30:21]} 3. Bb5 {[%clk 1:31:31]} Nd4 {[%clk 1:29:40]} 4. Bc4 {[%clk 1:31:40]}
Nf6 {[%clk 1:28:19]} 5. d3 {[%clk 1:25:09]} e6 {[%clk 1:26:53]} 6. Nf3 {[%clk
1:20:26]} d6 {[%clk 1:26:48]} 7. Nxd4 {[%clk 1:18:09]} cxd4 {[%clk 1:27:06]} 8.
Ne2 {[%clk 1:18:17]} e5 {[%clk 1:22:53]} 9. O-O {[%clk 1:17:50]} Be7 {[%clk
1:23:09]} 10. c3 {[%clk 1:11:41]} dxc3 {[%clk 1:21:45]} 11. Qb3 {[%clk 1:09:47]}
O-O {[%clk 1:21:37]} 12. Nxc3 {[%clk 1:09:43]} Nd7 {[%clk 1:16:40]} 13. Be3
{[%clk 1:07:52]} Bg5 {[%clk 1:12:36]} 14. Nd5 {[%clk 1:01:49]} Bxe3 {[%clk
1:10:58]} 15. fxe3 {[%clk 0:53:21]} Nc5 {[%clk 1:07:23]} 16. Qc2 {[%clk 0:52:49]}
Be6 {[%clk 1:06:42]} 17. b4 {[%clk 0:47:35]} Nd7 {[%clk 1:05:25]} 18. Rac1 {[%clk
0:45:54]} a6 {[%clk 0:56:47]} 19. Qd2 {[%clk 0:36:11]} Rc8 {[%clk 0:49:46]} 20.
Bb3 {[%clk 0:35:41]} Rc6 {[%clk 0:45:45]} 21. Ba4 {[%clk 0:33:51]} Bxd5 {[%clk
0:45:03]} 22. exd5 {[%clk 0:33:53]} Rxc1 {[%clk 0:45:27]} 23. Rxc1 {[%clk
0:32:56]} Nf6 {[%clk 0:45:11]} 24. d4 {[%clk 0:28:49]} Qe7 {[%clk 0:42:49]} 25.
Rd1 {[%clk 0:25:41]} Ng4 {[%clk 0:41:47]} 26. h3 {[%clk 0:25:05]} Nf6 {[%clk
0:39:51]} 27. dxe5 {[%clk 0:24:43]} Qxe5 {[%clk 0:39:39]} 28. Qd4 {[%clk
0:24:20]} Qe7 {[%clk 0:39:46]} 29. b5 {[%clk 0:23:47]} axb5 {[%clk 0:37:07]} 30.
Bxb5 {[%clk 0:00:01]} Rc8 {[%clk 0:37:24]} 31. Bc4 {[%clk 0:19:55]} Ne4 {[%clk
0:35:24]} 32. Bd3 {[%clk 0:19:01]} Nc3 {[%clk 0:33:03]} 33. Rd2 {[%clk 0:17:55]}
Rc5 {[%clk 0:29:42]} 34. e4 {[%clk 0:13:48]} Qh4 {[%clk 0:27:09]} 35. Qf2 {[%clk
0:13:15]} Qg5 {[%clk 0:27:16]} 36. Rc2 {[%clk 0:11:49]} Qe5 {[%clk 0:26:54]} 37.
Qd2 {[%clk 0:09:48]} g6 {[%clk 0:26:13]} 38. Rb2 {[%clk 0:08:52]} Qd4+ {[%clk
0:23:30]} 39. Kh1 {[%clk 0:08:04]} b5 {[%clk 0:19:12]} 40. Rc2 {[%clk 0:07:02]}
b4 {[%clk 0:19:29]} 41. Rb2 {[%clk 0:06:31]} Rc7 {[%clk 0:18:14]} 42. Rc2 {[%clk
0:05:29]} Kg7 {[%clk 0:17:44]} 43. Rb2 {[%clk 0:04:32]} Re7 {[%clk 0:18:00]} 44.
Qg5 {[%clk 0:01:07]} Re5 {[%clk 0:17:03]} 45. Qd2 {[%clk 0:01:32]} Nxe4 {[%clk
0:16:12]} 46. Bxe4 {[%clk 0:00:36]} Rxe4 {[%clk 0:16:38]} 47. Kh2 {[%clk
0:00:35]} Qe5+ {[%clk 0:16:39]} 48. g3 {[%clk 0:00:52]} Re3 {[%clk 0:16:44]} 49.
Qf2 {[%clk 0:01:15]} Rxg3 {[%clk 0:16:55]} 50. Qxg3 {[%clk 0:00:38]} Qxb2+ {[%clk
0:17:21]} 51. Kg1 {[%clk 0:00:58]} Qa1+ {[%clk 0:17:45]} 52. Kf2 {[%clk 0:01:21]}
Qxa2+ {[%clk 0:18:13]} 53. Ke1 {[%clk 0:01:37]} Qxd5 {[%clk 0:18:32]} 0-1

[Event "U12-U20 French Championships"]
[Site "chess24.com"]
[Date "2019.04.15"]
[Round "3"]
[White "Defromont, Benjamin"]
[Black "Lardon, Quentin"]
[Result "1-0"]
[Board "22"]
[WhiteElo "2200"]
[WhiteCountry "FRA"]
[WhiteFideId "36068829"]
[WhiteEloChange "2"]
[BlackElo "1801"]
[BlackCountry "FRA"]
[BlackFideId "36050407"]
[BlackEloChange "-2"]

1. e4 {[%clk 1:30:57]} c5 {[%clk 1:30:44]} 2. Nf3 {[%clk 1:31:21]} Nc6 {[%clk
1:30:58]} 3. Bb5 {[%clk 1:31:41]} d6 {[%clk 1:30:29]} 4. O-O {[%clk 1:32:03]} Bd7
{[%clk 1:30:16]} 5. Re1 {[%clk 1:32:00]} g6 {[%clk 1:30:22]} 6. c3 {[%clk
1:30:46]} Bg7 {[%clk 1:30:03]} 7. d4 {[%clk 1:31:02]} Ne5 {[%clk 1:22:01]} 8.
Nxe5 {[%clk 1:24:55]} Bxb5 {[%clk 1:21:46]} 9. Qb3 {[%clk 1:22:15]} dxe5 {[%clk
1:15:31]} 10. Qxb5+ {[%clk 1:22:38]} Qd7 {[%clk 1:15:54]} 11. Qxd7+ {[%clk
1:22:53]} Kxd7 {[%clk 1:16:17]} 12. dxc5 {[%clk 1:23:13]} Nf6 {[%clk 1:13:54]}
13. f3 {[%clk 1:19:20]} Rhd8 {[%clk 1:13:45]} 14. Be3 {[%clk 1:18:07]} Ke8 {[%clk
1:06:41]} 15. Na3 {[%clk 1:13:00]} Nd7 {[%clk 1:03:31]} 16. Rad1 {[%clk 1:10:11]}
Rdc8 {[%clk 1:03:24]} 17. Rd5 {[%clk 0:48:55]} e6 {[%clk 1:02:21]} 18. Rd2 {[%clk
0:46:34]} Nxc5 {[%clk 0:59:14]} 19. Red1 {[%clk 0:45:30]} Bf8 {[%clk 0:56:15]}
20. Bg5 {[%clk 0:42:50]} Na4 {[%clk 0:52:49]} 21. Nb5 {[%clk 0:39:14]} Bc5+
{[%clk 0:51:34]} 22. Kf1 {[%clk 0:39:33]} Kf8 {[%clk 0:50:05]} 23. Bf6 {[%clk
0:30:25]} Nb6 {[%clk 0:46:34]} 24. b3 {[%clk 0:28:38]} Be7 {[%clk 0:38:09]} 25.
Bxe7+ {[%clk 0:25:01]} Kxe7 {[%clk 0:38:23]} 26. c4 {[%clk 0:22:17]} a6 {[%clk
0:37:33]} 27. Nc3 {[%clk 0:18:28]} Rd8 {[%clk 0:36:50]} 28. c5 {[%clk 0:14:19]}
Rxd2 {[%clk 0:36:38]} 29. Rxd2 {[%clk 0:13:20]} Nd7 {[%clk 0:36:54]} 30. Na4
{[%clk 0:13:45]} Rc8 {[%clk 0:37:11]} 31. Rxd7+ {[%clk 0:12:44]} Kxd7 {[%clk
0:37:26]} 32. Nb6+ {[%clk 0:13:11]} Kc7 {[%clk 0:37:38]} 33. Nxc8 {[%clk
0:13:36]} Kxc8 {[%clk 0:38:00]} 34. Ke2 {[%clk 0:14:01]} Kd7 {[%clk 0:37:05]} 35.
Kd3 {[%clk 0:14:26]} Kc6 {[%clk 0:37:29]} 36. Kc4 {[%clk 0:14:53]} Kc7 {[%clk
0:35:42]} 37. a4 {[%clk 0:08:53]} Kc6 {[%clk 0:31:37]} 38. b4 {[%clk 0:02:06]}
Kc7 {[%clk 0:31:57]} 39. b5 {[%clk 0:02:16]} a5 {[%clk 0:32:11]} 40. Kd3 {[%clk
0:01:25]} f6 {[%clk 0:31:00]} 41. Ke3 {[%clk 0:01:43]} Kd7 {[%clk 0:31:16]} 42.
f4 {[%clk 0:00:35]} exf4+ {[%clk 0:30:29]} 43. Kxf4 {[%clk 0:01:04]} e5+ {[%clk
0:30:49]} 44. Ke3 {[%clk 0:00:36]} h6 {[%clk 0:31:08]} 45. g4 {[%clk 0:00:44]}
Kc7 {[%clk 0:31:24]} 46. h3 {[%clk 0:01:01]} Kd7 {[%clk 0:31:49]} 47. Kd3 {[%clk
0:01:11]} Ke7 {[%clk 0:26:00]} 48. h4 {[%clk 0:00:57]} Kd7 {[%clk 0:25:31]} 49.
h5 {[%clk 0:01:05]} g5 {[%clk 0:24:18]} 50. Kc4 {[%clk 0:01:24]} Ke6 {[%clk
0:24:35]} 51. b6 {[%clk 0:01:39]} Ke7 {[%clk 0:24:29]} 52. c6 {[%clk 0:00:41]}
1-0

[Event "U12-U20 French Championships"]
[Site "chess24.com"]
[Date "2019.04.15"]
[Round "3"]
[White "Djidjeli, Sarah"]
[Black "Diez, Ambre"]
[Result "0-1"]
[Board "23"]
[WhiteElo "2041"]
[WhiteCountry "FRA"]
[WhiteFideId "36067474"]
[WhiteEloChange "-16"]
[BlackElo "1775"]
[BlackCountry "FRA"]
[BlackFideId "36074772"]
[BlackEloChange "16"]

1. e4 {[%clk 1:30:59]} e5 {[%clk 1:30:53]} 2. Nf3 {[%clk 1:31:23]} Nc6 {[%clk
1:31:16]} 3. Bc4 {[%clk 1:31:47]} Bc5 {[%clk 1:31:36]} 4. c3 {[%clk 1:32:09]} Nf6
{[%clk 1:31:55]} 5. d3 {[%clk 1:32:33]} d6 {[%clk 1:32:15]} 6. O-O {[%clk
1:32:39]} O-O {[%clk 1:30:29]} 7. Bg5 {[%clk 1:32:13]} Be6 {[%clk 1:29:48]} 8.
Nbd2 {[%clk 1:25:58]} a5 {[%clk 1:21:18]} 9. a4 {[%clk 1:23:53]} Bb6 {[%clk
1:15:11]} 10. Bb3 {[%clk 1:22:07]} Bxb3 {[%clk 1:07:33]} 11. Qxb3 {[%clk
1:21:29]} Ne7 {[%clk 1:05:27]} 12. Bxf6 {[%clk 1:15:53]} gxf6 {[%clk 1:05:48]}
13. Nc4 {[%clk 1:15:27]} Ra6 {[%clk 0:59:13]} 14. Nxb6 {[%clk 1:09:36]} Rxb6
{[%clk 0:58:56]} 15. Qc2 {[%clk 1:09:50]} Ng6 {[%clk 0:52:59]} 16. Nd2 {[%clk
1:05:11]} d5 {[%clk 0:46:49]} 17. Rab1 {[%clk 0:53:40]} Qd7 {[%clk 0:39:54]} 18.
b4 {[%clk 0:48:03]} axb4 {[%clk 0:35:16]} 19. Rxb4 {[%clk 0:48:06]} Rxb4 {[%clk
0:32:57]} 20. cxb4 {[%clk 0:48:02]} c6 {[%clk 0:29:49]} 21. Rb1 {[%clk 0:26:44]}
f5 {[%clk 0:22:02]} 22. exd5 {[%clk 0:24:27]} Qxd5 {[%clk 0:21:29]} 23. Qc4
{[%clk 0:23:40]} Rd8 {[%clk 0:20:55]} 24. Nb3 {[%clk 0:21:09]} Nf4 {[%clk
0:17:03]} 25. Qxd5 {[%clk 0:21:07]} Rxd5 {[%clk 0:16:29]} 26. Na5 {[%clk
0:21:04]} Rd7 {[%clk 0:16:22]} 27. Rd1 {[%clk 0:20:24]} Nxd3 {[%clk 0:16:10]} 28.
Kf1 {[%clk 0:19:28]} e4 {[%clk 0:16:21]} 29. Nb3 {[%clk 0:17:53]} Rd5 {[%clk
0:15:08]} 30. Na5 {[%clk 0:17:11]} Nxb4 {[%clk 0:12:57]} 31. Rxd5 {[%clk
0:17:35]} cxd5 {[%clk 0:12:59]} 32. Nxb7 {[%clk 0:17:53]} Kg7 {[%clk 0:12:29]}
33. Ke2 {[%clk 0:16:10]} d4 {[%clk 0:11:41]} 34. a5 {[%clk 0:15:31]} Kf6 {[%clk
0:11:50]} 35. Nc5 {[%clk 0:14:08]} Nc6 {[%clk 0:10:15]} 36. a6 {[%clk 0:13:04]}
Ke5 {[%clk 0:09:11]} 37. Nd7+ {[%clk 0:12:36]} Kd6 {[%clk 0:07:34]} 38. Nf6
{[%clk 0:11:51]} h6 {[%clk 0:05:38]} 39. h4 {[%clk 0:01:47]} Ke5 {[%clk 0:05:16]}
40. Nd7+ {[%clk 0:09:51]} Kd5 {[%clk 0:04:50]} 41. Nb6+ {[%clk 0:01:55]} Kc5
{[%clk 0:04:24]} 42. Nc8 {[%clk 0:08:44]} f4 {[%clk 0:03:03]} 43. a7 {[%clk
0:02:57]} Nxa7 {[%clk 0:02:41]} 44. Nxa7 {[%clk 0:08:40]} d3+ {[%clk 0:03:11]}
45. Kd2 {[%clk 0:01:44]} Kd4 {[%clk 0:03:41]} 46. Nc6+ {[%clk 0:06:30]} Kd5
{[%clk 0:03:30]} 47. Nd8 {[%clk 0:00:56]} Kd4 {[%clk 0:03:06]} 48. Nc6+ {[%clk
0:02:13]} Kd5 {[%clk 0:03:31]} 49. Nd8 {[%clk 0:00:11]} Kd4 {[%clk 0:03:51]} 50.
Nxf7 {[%clk 0:03:36]} e3+ {[%clk 0:04:16]} 51. fxe3+ {[%clk 0:04:03]} fxe3+
{[%clk 0:04:41]} 52. Kd1 {[%clk 0:02:25]} Kc3 {[%clk 0:04:05]} 53. Nd6 {[%clk
0:00:56]} e2+ {[%clk 0:03:55]} 54. Ke1 {[%clk 0:01:36]} d2+ {[%clk 0:04:10]} 55.
Kxe2 {[%clk 0:01:38]} Kc2 {[%clk 0:04:40]} 56. Ne4 {[%clk 0:01:54]} d1Q+ {[%clk
0:05:10]} 57. Kf2 {[%clk 0:01:26]} Qg4 {[%clk 0:05:20]} 58. Ke3 {[%clk 0:01:46]}
Qxg2 {[%clk 0:05:34]} 59. Kf4 {[%clk 0:00:29]} Qh3 {[%clk 0:05:44]} 0-1

[Event "U12-U20 French Championships"]
[Site "chess24.com"]
[Date "2019.04.15"]
[Round "3"]
[White "Konate, Salma"]
[Black "Yuan, Beline"]
[Result "1-0"]
[Board "24"]
[WhiteElo "1695"]
[WhiteCountry "FRA"]
[WhiteFideId "36034975"]
[WhiteEloChange "17"]
[BlackElo "1977"]
[BlackCountry "FRA"]
[BlackFideId "36019879"]
[BlackEloChange "-17"]

1. e4 {[%clk 1:30:57]} e6 {[%clk 1:30:45]} 2. d4 {[%clk 1:31:21]} d5 {[%clk
1:31:02]} 3. e5 {[%clk 1:31:44]} c5 {[%clk 1:30:57]} 4. c3 {[%clk 1:32:05]} Nc6
{[%clk 1:30:55]} 5. Nf3 {[%clk 1:32:23]} Qb6 {[%clk 1:30:52]} 6. a3 {[%clk
1:31:53]} f6 {[%clk 1:31:00]} 7. Bd3 {[%clk 1:29:37]} fxe5 {[%clk 1:30:44]} 8.
dxe5 {[%clk 1:29:47]} Nge7 {[%clk 1:30:38]} 9. O-O {[%clk 1:22:52]} g6 {[%clk
1:30:12]} 10. b4 {[%clk 1:21:19]} Qc7 {[%clk 1:30:22]} 11. Bf4 {[%clk 1:17:04]}
Bg7 {[%clk 1:30:03]} 12. Re1 {[%clk 1:14:49]} O-O {[%clk 1:29:43]} 13. Bg3 {[%clk
1:14:30]} Nf5 {[%clk 1:27:25]} 14. Bxf5 {[%clk 1:13:54]} Rxf5 {[%clk 1:27:24]}
15. Nh4 {[%clk 1:08:22]} Rf8 {[%clk 1:26:33]} 16. Nf3 {[%clk 1:08:00]} b6 {[%clk
1:25:25]} 17. Nbd2 {[%clk 1:04:54]} Ba6 {[%clk 1:23:32]} 18. Ng5 {[%clk 0:55:58]}
Rae8 {[%clk 1:21:50]} 19. Qg4 {[%clk 0:48:47]} Rf5 {[%clk 1:20:31]} 20. f4 {[%clk
0:45:21]} Bd3 {[%clk 0:45:51]} 21. Ndf3 {[%clk 0:33:21]} h6 {[%clk 0:42:33]} 22.
Nh3 {[%clk 0:32:16]} Rff8 {[%clk 0:37:18]} 23. Nh4 {[%clk 0:15:26]} cxb4 {[%clk
0:34:19]} 24. axb4 {[%clk 0:14:54]} a5 {[%clk 0:34:14]} 25. bxa5 {[%clk 0:10:12]}
Nxa5 {[%clk 0:34:20]} 26. Nf2 {[%clk 0:10:10]} Bc2 {[%clk 0:29:45]} 27. Rac1
{[%clk 0:10:11]} Bf5 {[%clk 0:29:22]} 28. Nxf5 {[%clk 0:08:07]} gxf5 {[%clk
0:28:54]} 29. Qf3 {[%clk 0:08:01]} Nb3 {[%clk 0:29:05]} 30. Rcd1 {[%clk 0:07:20]}
Rc8 {[%clk 0:29:30]} 31. Rd3 {[%clk 0:07:18]} Qc5 {[%clk 0:24:49]} 32. Rb1 {[%clk
0:05:38]} Na5 {[%clk 0:22:48]} 33. Bh4 {[%clk 0:05:18]} Nc4 {[%clk 0:16:19]} 34.
Qh5 {[%clk 0:04:07]} Kh8 {[%clk 0:14:32]} 35. Qg6 {[%clk 0:04:12]} Rc7 {[%clk
0:13:16]} 36. Qxe6 {[%clk 0:03:53]} Ne3 {[%clk 0:08:16]} 37. Qxb6 {[%clk
0:03:14]} Ng4 {[%clk 0:05:38]} 38. Qxc5 {[%clk 0:03:24]} Rxc5 {[%clk 0:06:05]}
39. Be7 {[%clk 0:03:39]} Nxf2 {[%clk 0:04:07]} 40. Kxf2 {[%clk 0:03:56]} Rc4
{[%clk 0:04:11]} 41. Bxf8 {[%clk 0:04:00]} Rxf4+ {[%clk 0:04:38]} 42. Rf3 {[%clk
0:03:30]} Rxf3+ {[%clk 0:04:34]} 43. Kxf3 {[%clk 0:03:54]} Bxf8 {[%clk 0:05:01]}
44. Rb8 {[%clk 0:04:10]} Kg7 {[%clk 0:05:27]} 45. Rxf8 {[%clk 0:00:19]} 1-0

[Event "U12-U20 French Championships"]
[Site "chess24.com"]
[Date "2019.04.15"]
[Round "3"]
[White "Tomasi, Elise"]
[Black "Herreman-Boutot, Louise"]
[Result "1-0"]
[Board "25"]
[WhiteElo "1904"]
[WhiteCountry "FRA"]
[WhiteFideId "26088843"]
[WhiteEloChange "5"]
[BlackElo "1714"]
[BlackCountry "FRA"]
[BlackFideId "36073199"]
[BlackEloChange "-5"]

1. d4 {[%clk 1:30:40]} d5 {[%clk 1:30:55]} 2. Nf3 {[%clk 1:31:05]} Nf6 {[%clk
1:31:18]} 3. g3 {[%clk 1:31:31]} c5 {[%clk 1:31:41]} 4. Bg2 {[%clk 1:28:13]} Nc6
{[%clk 1:29:46]} 5. O-O {[%clk 1:27:19]} e6 {[%clk 1:27:05]} 6. c4 {[%clk
1:25:08]} dxc4 {[%clk 1:14:13]} 7. dxc5 {[%clk 1:24:50]} Qxd1 {[%clk 1:12:40]} 8.
Rxd1 {[%clk 1:25:16]} Bxc5 {[%clk 1:12:23]} 9. Nbd2 {[%clk 1:24:51]} O-O {[%clk
1:08:45]} 10. Nxc4 {[%clk 1:23:42]} Re8 {[%clk 0:57:57]} 11. b3 {[%clk 1:09:08]}
Ne4 {[%clk 0:51:00]} 12. Be3 {[%clk 1:07:00]} Bxe3 {[%clk 0:49:35]} 13. Nxe3
{[%clk 1:06:36]} e5 {[%clk 0:40:50]} 14. Rac1 {[%clk 1:03:29]} Nf6 {[%clk
0:33:41]} 15. Nc4 {[%clk 0:58:59]} Re7 {[%clk 0:29:51]} 16. b4 {[%clk 0:40:01]}
e4 {[%clk 0:27:01]} 17. Ng5 {[%clk 0:38:41]} h6 {[%clk 0:26:29]} 18. b5 {[%clk
0:37:39]} Nb4 {[%clk 0:24:10]} 19. Rd8+ {[%clk 0:37:27]} Re8 {[%clk 0:24:04]} 20.
Rxe8+ {[%clk 0:37:34]} Nxe8 {[%clk 0:24:28]} 21. Nxe4 {[%clk 0:37:35]} Be6 {[%clk
0:20:45]} 22. a3 {[%clk 0:32:32]} Nd5 {[%clk 0:20:32]} 23. Ncd6 {[%clk 0:26:35]}
Nxd6 {[%clk 0:17:07]} 24. Nxd6 {[%clk 0:26:55]} a6 {[%clk 0:14:08]} 25. b6 {[%clk
0:24:08]} Nxb6 {[%clk 0:12:20]} 26. Bxb7 {[%clk 0:22:16]} Ra7 {[%clk 0:11:55]}
27. Rc6 {[%clk 0:18:29]} Nc4 {[%clk 0:10:26]} 28. Bxa6 {[%clk 0:12:11]} Ne5
{[%clk 0:10:16]} 29. Rb6 {[%clk 0:11:52]} Nd7 {[%clk 0:09:57]} 30. Nb5 {[%clk
0:06:47]} Ra8 {[%clk 0:08:16]} 31. Rd6 {[%clk 0:06:11]} Bh3 {[%clk 0:03:39]} 32.
f3 {[%clk 0:01:18]} Nc5 {[%clk 0:03:40]} 33. Nc7 {[%clk 0:01:35]} Ra7 {[%clk
0:00:33]} 34. Rc6 {[%clk 0:01:24]} Nd7 {[%clk 0:00:31]} 35. Nb5 {[%clk 0:01:06]}
Ra8 {[%clk 0:00:37]} 36. Rc8+ {[%clk 0:01:36]} Rxc8 {[%clk 0:01:01]} 37. Bxc8
{[%clk 0:02:06]} 1-0